Sports Quiz

Random Sports or NHL Quiz

NHL Top Scorer by 5-Year Span Quiz Stats

 Plays Quiz Updated Sep 13, 2017

Score 0/160 Timer 11:00
0 Plays Today
% Correct
Wayne Gretzky
95%
Wayne Gretzky
95%
Wayne Gretzky
95%
Sidney Crosby
92.5%
Sidney Crosby
91.6%
Alex Ovechkin
90.6%
Alex Ovechkin
89.6%
Mario Lemieux
87.6%
Jaromir Jagr
85.6%
Jaromir Jagr
85.6%
Henrik Sedin
82.4%
Daniel Sedin
82.4%
Henrik Sedin
81.6%
Bobby Hull
81.4%
Bobby Hull
81.4%
Brett Hull
81.4%
Joe Thornton
81.3%
Joe Thornton
81.3%
Joe Sakic
81.2%
Joe Sakic
81.2%
Joe Sakic
81.2%
Jarome Iginla
80.2%
Jarome Iginla
80.2%
Mark Messier
80.1%
Bobby Orr
80.1%
Steven Stamkos
80.1%
Martin St. Louis
79%
Martin St. Louis
78.8%
Gordie Howe
78.4%
Gordie Howe
78.4%
Gordie Howe
78.4%
Gordie Howe
78.4%
Steve Yzerman
78.1%
Steve Yzerman
78.1%
Steve Yzerman
78.1%
Syd Howe
78.1%
Syd Howe
78.1%
Claude Giroux
76.6%
John Tavares
76.5%
Teemu Selanne
75.4%
Daniel Alfredsson
74.5%
Daniel Alfredsson
74.5%
Ryan Getzlaf
74.2%
Peter Forsberg
73.3%
Eric Lindros
73.3%
Mats Sundin
71.5%
Mats Sundin
71.5%
Pavel Datsyuk
71.1%
Maurice Richard
69.3%
Maurice Richard
69.3%
Henri Richard
69.2%
Henri Richard
69.2%
Ilya Kovalchuk
69.1%
Mike Bossy
68.4%
% Correct
Jari Kurri
68.1%
Jari Kurri
68.1%
Phil Esposito
68.1%
Phil Esposito
68.1%
Phil Kessel
65.9%
Paul Kariya
65.7%
Dany Heatley
65.3%
Guy Lafleur
63.7%
Markus Näslund
61.2%
Luc Robitaille
60.9%
Marcel Dionne
59.1%
Marcel Dionne
59.1%
Stan Mikita
58.9%
Stan Mikita
58.9%
Stan Mikita
58.9%
Bobby Clarke
58.7%
Bobby Clarke
58.7%
Bryan Trottier
58.1%
Bryan Trottier
58.1%
John LeClair
53.9%
Jeremy Roenick
53.7%
Adam Oates
53.5%
Marian Hossa
51.9%
Milan Hejduk
51.7%
Paul Coffey
51.1%
Ron Francis
50.1%
Peter Stastny
49.5%
Peter Stastny
49.6%
Denis Savard
49.3%
Denis Savard
49.3%
Todd Bertuzzi
48.1%
Mark Recchi
48.1%
Doug Gilmour
47.8%
Dale Hawerchuk
46.6%
Jean Beliveau
45.7%
Jean Beliveau
45.7%
Jean Beliveau
45.7%
Denis Potvin
39.8%
Darryl Sittler
39%
Gilbert Perreault
38.9%
John Bucyk
38.3%
John Bucyk
38.3%
John Bucyk
38.3%
Pierre Turgeon
37.6%
Ted Lindsay
36.6%
Ted Lindsay
36.6%
Ted Lindsay
36.6%
Bernie Nicholls
36%
Michel Goulet
35.9%
Alex Delvecchio
33.5%
Alex Delvecchio
33.5%
Bernie Federko
31.8%
Sid Smith
30.4%
Clint Smith
30.4%
% Correct
Jean Ratelle
30.3%
Jean Ratelle
30.3%
Steve Shutt
29.6%
Rod Gilbert
28.9%
Bernie Geoffrion
28.7%
Bernie Geoffrion
28.7%
Frank Mahovlich
28.3%
Frank Mahovlich
28.3%
Yvan Cournoyer
25.9%
Toe Blake
24.9%
Jacques Lemaire
24.3%
Syl Apps
23.4%
Rick Middleton
23%
Sid Abel
21.2%
Lanny McDonald
21.1%
Andy Bathgate
20.6%
Andy Bathgate
20.6%
Ken Hodge
19.3%
Norm Ullman
18.4%
Norm Ullman
18.4%
Dickie Moore
17.6%
Red Kelly
16.4%
Roy Conacher
14.4%
Elmer Lach
14.3%
Elmer Lach
14.3%
Art Jackson
13.2%
Ted Kennedy
13%
Max Bentley
12.7%
Doug Bentley
12.7%
Doug Bentley
12.7%
Nels Stewart
8%
Gaye Stewart
8%
Bill Mosienko
7.1%
Bryan Hextall
6.7%
Bill Cowley
6.6%
Bill Cowley
6.6%
Bobby Rousseau
5.9%
Bert Olmstead
5%
Sweeney Schriner
4.3%
Gordie Drillon
3.7%
Tod Sloan
2.8%
Marty Barry
2.7%
Ed Litzenberger
2.4%
Don McKenney
2.1%
Vic Stasiuk
1.9%
Cecil Dillon
1.8%
Johnny Gottselig
1.7%
Lorne Carr
1.7%
Edgar Laprade
1.4%
Mud Bruneteau
1.3%
Eddie Wiseman
0.9%
Don Raleigh
0.9%

You're not logged in!

Compare scores with friends on all Sporcle quizzes.
OR
Log In

Sporcle TV

Today on Sporcle TV


Watch our educational content, quiz creation guides, and fun videos on Sporcle TV.

Show Comments

Extras

Top Quizzes Today


Score Distribution

Your Account Isn't Verified!

In order to create a playlist on Sporcle, you need to verify the email address you used during registration. Go to your Sporcle Settings to finish the process.

Report this User

Report this user for behavior that violates our Community Guidelines.

Details: